| 000 | 00633nam a2200205 i 4500 | ||
|---|---|---|---|
| 001 | 72848 | ||
| 003 | ES-MaACL | ||
| 005 | 20240522092748.0 | ||
| 007 | t| | ||
| 008 | 040903s1968 sp f ||||1| spa d | ||
| 080 | _a7.01(04) | ||
| 100 | 1 |
_aGombrich, E. H. _957735 |
|
| 245 | 1 | 0 |
_aMeditaciones sobre un caballo de juguete / _cE.H. Gombrich ; [traducción de José María Valverde]. |
| 260 |
_aBarcelona : _bSeix Barral, _c1968. |
||
| 300 |
_a239 p., 24 lám. ; _c23 cm. |
||
| 650 | 0 | 4 |
_aArte- _xFilosofía. _910099 |
| 700 | 1 |
_aValverde, José María, _d1926-1996 _9113013 |
|
| 852 |
_aES-MaACL _jC-34557 |
||
| 999 |
_c72848 _d72848 |
||